000
00285nam a22001217a 4500
008
181107b xxu||||| |||| 00| 0 eng d
041
_a
eng
080
_a
821
100
_a
21
101
_a
EDU
245
_a
The Development A guide Knowledge a A power
_c
Sachs.W
942
_2
udc
_c
BK
999
_c
52065
_d
52065